[Event "Quebec op"]
[Site "Montreal"]
[Date "1988.07.24"]
[Round "1"]
[White "Benson, Daniel"]
[Black "Vallieres, Mario"]
[Result "1/2-1/2"]
[WhiteElo "1838"]
[BlackElo "2014"]
[PlyCount "46"]
[EventDate "1988.07.24"]
[EventType "swiss"]
[EventRounds "8"]
[EventCountry "CAN"]
[SourceTitle "EXT 2022"]
[Source "ChessBase"]
[SourceDate "2021.10.06"]
[SourceVersion "1"]
[SourceVersionDate "2021.10.06"]
[SourceQuality "1"]

1. e4 e6 2. d4 d5 3. Nc3 Nf6 4. e5 Nfd7 5. f4 c5 6. Nf3 Nc6 7. Be3 Qb6 8. Na4 Qa5+ 9. c3 cxd4 10. b4 Qc7 11. Nxd4 Nxd4 12. Bxd4 Be7 13. Bd3 a6 14. Qe2 g6 15. 0-0 Rb8 16. Rfc1 b5 17. Nb2 Nb6 18. Qe3 Nc4 19. Nxc4 dxc4 20. Be4 Bd7 21. Ba7 Rc8 22. Bb6 Qb8 23. Ba7 Qc7 1/2-1/2

[Event "Quebec op"]
[Site "Montreal"]
[Date "1987.07.30"]
[Round "5"]
[White "Benson, Daniel"]
[Black "Gaudreau, Alain"]
[Result "1-0"]
[WhiteElo "1944"]
[BlackElo "1745"]
[PlyCount "137"]
[EventDate "1987.07.26"]
[EventType "swiss"]
[EventRounds "8"]
[EventCountry "CAN"]
[SourceTitle "EXT 2022"]
[Source "ChessBase"]
[SourceDate "2021.10.06"]
[SourceVersion "1"]
[SourceVersionDate "2021.10.06"]
[SourceQuality "1"]

1. e4 c5 2. Nf3 e6 3. d4 cxd4 4. Nxd4 Nf6 5. Nc3 Nc6 6. Be2 d6 7. Be3 Be7 8. 0-0 0-0 9. f4 Bd7 10. Qe1 Nxd4 11. Bxd4 Bc6 12. Bd3 d5 13. e5 Nd7 14. Qe3 b6 15. Ne2 Nc5 16. c3 Nxd3 17. Qxd3 a6 18. Qe3 Rb8 19. a4 b5 20. a5 b4 21. Bb6 Qc8 22. Nd4 bxc3 23. Qxc3 Bd7 24. Qd3 Bd8 25. Rfc1 Qb7 26. Bc5 Re8 27. Bd6 Rc8 28. b4 Be7 29. Bc5 Bxc5 30. bxc5 Qa7 31. Qa3 Bc6 32. Rab1 Re7 33. Rb6 Rec7 34. Qb4 g6 35. h3 Qa8 36. Kf2 Rb7 37. Rb1 Rbc7 38. Rb8 Rxb8 39. Qxb8+ Qxb8 40. Rxb8+ Kg7 41. Rb6 Ba4 42. c6 Bb5 43. h4 Kf8 44. g4 Ke8 45. g5 Kd8 46. Ke3 Bc4 47. Kd2 Kc8 48. Kc3 Ra7 49. Kb4 Kc7 50. Kc5 Bd3 51. Rb7+ Rxb7 52. cxb7 Kxb7 53. Kd6 Kb8 54. Ke7 Kc7 55. Kxf7 Bf5 56. Kg7 Kd7 57. Kxh7 Ke7 58. Kh6 Kf7 59. h5 gxh5 60. Kxh5 Be4 61. Kg4 Kg6 62. Kg3 Kh5 63. Nxe6 Bd3 64. Nd4 Be4 65. Kf2 Kg6 66. Ke3 Bb1 67. Nc6 Ba2 68. Nb4 Bc4 69. Kd4 1-0

[Event "Quebec op"]
[Site "Montreal"]
[Date "1987.07.27"]
[Round "2"]
[White "Benson, Daniel"]
[Black "Dupuis, Stephane"]
[Result "0-1"]
[WhiteElo "1944"]
[BlackElo "2063"]
[PlyCount "50"]
[EventDate "1987.07.26"]
[EventType "swiss"]
[EventRounds "8"]
[EventCountry "CAN"]
[SourceTitle "EXT 2022"]
[Source "ChessBase"]
[SourceDate "2021.10.06"]
[SourceVersion "1"]
[SourceVersionDate "2021.10.06"]
[SourceQuality "1"]

1. e4 e5 2. Nf3 Nc6 3. Bb5 f5 4. Nc3 fxe4 5. Nxe4 d5 6. Ng3 Bg4 7. h3 Bxf3 8. Qxf3 Nf6 9. Qc3 Qd6 10. 0-0 Kf7 11. Bxc6 bxc6 12. d3 Re8 13. b3 g6 14. Bg5 Bg7 15. Rae1 h6 16. Be3 Re6 17. Bxa7 Nd7 18. b4 Ra8 19. Bc5 Nxc5 20. bxc5 Qe7 21. a3 Kg8 22. Qb4 Rf8 23. f4 exf4 24. Rxe6 Qxe6 25. Rxf4 Qe3+ 0-1